000 00816nam a22002537a 4500
003 dpl
005 20180824124535.0
008 180824b xxu||||| |||| 00| 0 eng d
010 _aB-061648
020 _c00.00
_a0070435766
035 _aB-061648, B-061652
037 _bCen Lib/Ret
040 _aDPL
_bEN
_c0
082 _a005.7565
_bTRE
100 _aTremayne, Andy
_936831
245 _aOracle applications performance tuning handbook /
_cby Andy Tremayne
260 _aNew Delhi
_bTata McGraw hill publishing company
_c2000
270 _bNew Delhi
_a7 West patel nagar
_e110008
300 _axxix,908p.
_c22cm(Hb)
500 _aIncludes appendix and index
650 _aComputer science
_936832
650 _aDatabase management system
_936833
942 _2ddc
_cEN
_h005.7565
_mTRE
999 _c133106
_d133106